000 02110nam0a2200373 4500
001 RU\NLR\bibl\1126179
005 20250615070106.0
010 _a978-5-7695-3564-2
_93000
021 _aRU
_b2007-50452
_92669
035 _a(nilc)RSL-KNO-003151199
035 _a(NLR Aleph) 001113120
090 _a1250748
_c1250748
100 _a20070813d2007 |||y0rusy50 ca
101 0 _arus
102 _aRU
105 _aa |||||||||
200 1 _aРемонтные работы повышенной сложности
_eучебное пособие для образовательных учреждений, реализующих программы профессиональной подготовки
_fБ.С. Покровский
210 _aМосква
_cАкадемия
_d2007
215 _a78,[1] с.
_cил.
_d22
225 1 _aНепрерывное профессиональное образование
_iСлесарь
313 _aслесарные работы
606 1 _aСлесарные работы
_jУчебные издания
_91704040
_3RU\NLR\auth\66758825
610 0 _aТехника и технические науки (в целом) -- Ремонт. Восстановление машин и промышленного оборудования -- Восстановление и обработка деталей -- Учебник для профессиональных школ
610 0 _aвосстановление деталей механизмов передачи движения
610 0 _aремонт механизмов преобразования движения
686 _aЖ830.5я723-1
_2rubbk
686 _aК671я7
700 1 _4070
_7ca
_8rus
_aПокровский
_bБ. С.
_cпедагог, технолог
_gБорис Семёнович
_915251
_3RU\NLR\auth\7732242
801 0 _aRU
_bРКП
_c20070813
_grcr
801 1 _aRU
_bРГБ
_c20070813
801 2 _aRU
_bNLR
_c20070910
_grcr
942 _cBOOK
980 _aNB